| 000 | 03424cgm a2200625Ia 4500 | ||
|---|---|---|---|
| 005 | 20260322212058.0 | ||
| 007 | data | ||
| 008 | data | ||
| 020 | _a0790795434 | ||
| 020 | _a9780790795430 | ||
| 024 | 1 | _a085393895426 | |
| 028 | 4 | 2 |
_a38954 _bWarner Home Video |
| 040 |
_aTEFMT _cTEFMT _dCtY _dRCS _dGK8 _dLEO _dCtY |
||
| 041 | 1 |
_aspa _afre _aspa _bspa _bfre _bspa _heng |
|
| 049 | _aYUSS | ||
| 099 | _aDVD 787 | ||
| 245 | 1 | 4 |
_aThe Polar Express _h[videorecording] / _cCastle Rock Entertainment presents in association with Shangri-La Entertainment, a Playtone/ImageMovers/Golden Mean production ; a Robert Zemeckis film ; produced by Steve Starkey ... [et al.] ; screenplay by Robert Zemeckis & William Broyles, Jr. ; directed by Robert Zemeckis. |
| 260 |
_aBurbank, CA : _bWarner Home Video, _c[2005] |
||
| 300 |
_a2 videodiscs (100 min.) : _bsd., col. ; _c4 3/4 in. |
||
| 500 | _aBased on the book by Chris Van Allsburg. | ||
| 500 | _aOriginally released as a motion picture in 2004. | ||
| 500 | _aSpecial features: Challenges; deleted scenes; featurette; interviews; music video; "A genuine ticket to ride" : behind-the-scenes secrets on performance capture, virtual cameras, hair and wardrobe, creating the North Pole, and music. | ||
| 508 | _aDirectors of photography, Don Burgess, Robert Presley ; editors, Jeremiah O'Driscoll, R. Orlando Duenas ; music, Alan Silvestri, Glen Ballard ; costume designer, Joanna Johnston ; production designers, Rick Carter, Doug Chiang. | ||
| 511 | 1 | _aTom Hanks, Leslie Harter Zemeckis, Eddie Deezen, Nona Gaye, Peter Scolari, Brendan King, Andy Pellick, Josh Eli, Mark Mendonca, Rolandas Hendricks. | |
| 520 | _aWhen a doubting young boy takes an extraordinary train ride to the North Pole, he embarks on a journey of self-discovery that shows him that the wonder of life never fades for those who believe. | ||
| 521 | 8 | _aMPAA rating: G. | |
| 538 | _aDVD, region 1, widescreen (2.40, 16:9) presentation; Dolby surround 5.1. | ||
| 546 | _aEnglish, French or Spanish dialogue with optional English, French or Spanish subtitles; closed-captioned. | ||
| 590 | _a2-disc set includes widescreen format and special features disc. | ||
| 590 | _aBased on the book by Chris Van Allsburg. | ||
| 590 | _aCast: Tom Hanks, Leslie Harter Zemeckis, Eddie Deezen, Nona Gaye, Peter Scolari, Brendan King, Andy Pellick, Josh Eli, Mark Mendonca, Rolandas Hendricks. | ||
| 590 | _aMPAA rating: G. | ||
| 590 | _aOriginally released as a motion picture in 2004. | ||
| 592 | _aWhen a doubting young boy takes an extraordinary train ride to the North Pole, he embarks on a journey of self-discovery that shows him that the wonder of life never fades for those who believe. | ||
| 650 | 0 |
_aSanta Claus _vJuvenile drama. |
|
| 650 | 0 | _aFeature films. | |
| 650 | 0 | _aChristmas films. | |
| 650 | 0 | _aChildren's films. | |
| 650 | 0 | _aVideo recordings for the hearing impaired. | |
| 651 | 0 |
_aNorth Pole _vDrama. |
|
| 700 | 1 |
_aZemeckis, Robert, _d1952- |
|
| 700 | 1 | _aHanks, Tom. | |
| 700 | 1 | _aZemeckis, Leslie Harter. | |
| 700 | 1 | _aDeezen, Eddie. | |
| 700 | 1 | _aGaye, Nona. | |
| 700 | 1 | _aScolari, Peter. | |
| 700 | 1 | _aBurgess, Don. | |
| 700 | 1 | _aPresley, Robert. | |
| 700 | 1 | _aSilvestri, Alan. | |
| 700 | 1 | _aBallard, Glen. | |
| 700 | 1 |
_aVan Allsburg, Chris. _tPolar express. |
|
| 700 | 0 | _aPolar Express (Motion picture) | |
| 710 | 2 | _aWarner Home Video (Firm) | |
| 001 | data | ||
| 999 |
_c1393 _d1393 |
||